000 00690nam a2200241Ia 4500
003 OSt
005 20221005085936.0
006 a|||||r|||| 00| 0
007 ta
008 221004b |||||||| |||| 00| 0 eng d
024 _a38741
037 _cTextual
040 _aCRL
_cCRL
_beng
041 _2eng
_aeng
082 _aO111,3x, K0
100 _aBedier Joseph
_9614717
245 0 _aRomance of Tristan and Iseult tr from the French by Hilaire Belloc and Paul Rosenfeld
260 _aNew York
_bHeritage Press USA
_c1960
300 _axv,172p.
_ccm.
650 _aENGLISH LITERATURE
942 _hO111,3x, K0
_cTEXL
_2cc
999 _c995040
_d995040